Der Täter-Opfer-Ausgleich: Recht, Methodik, Falldokumentation
| Authors: | ; ; |
|---|---|
| Format: | Print Book |
| Language: | German |
| Published: |
München
C.H.Beck
2014
|
| In: | Year: 2014 |
| Online Access: |
Inhaltstext (Publisher) Table of Contents Table of Contents Blurb (Publisher) |
| Availability in Tübingen: | Present in Tübingen. IFK: P XIV 50 UB: KB 9 E 2546 |
| Check availability: | HBZ Gateway |
| Subito Delivery Service: | Order now. |
| Keywords: |
MARC
| LEADER | 00000cam a2200000 c 4500 | ||
|---|---|---|---|
| 001 | 1606082124 | ||
| 003 | DE-627 | ||
| 005 | 20251225192558.0 | ||
| 007 | tu | ||
| 008 | 131113s2014 gw ||||| 00| ||ger c | ||
| 015 | |a 13,N45 |2 dnb | ||
| 016 | 7 | |a 1043556494 |2 DE-101 | |
| 020 | |a 9783406662102 |c Pb. : ca. EUR 38.90 (DE) |9 978-3-406-66210-2 | ||
| 035 | |a (DE-627)1606082124 | ||
| 035 | |a (DE-576)396609430 | ||
| 035 | |a (DE-599)DNB1043556494 | ||
| 035 | |a (OCoLC)890024101 | ||
| 040 | |a DE-627 |b ger |c DE-627 |e rda | ||
| 041 | |a ger | ||
| 044 | |c XA-DE-BY | ||
| 082 | 0 | |a 345.430773 |2 22/ger | |
| 082 | 0 | |a 340 | |
| 082 | 0 | 4 | |a 340 |a 360 |q DNB |
| 084 | |a 2 |a 2,1 |2 ssgn | ||
| 084 | |a 2,1 |2 ssgn | ||
| 084 | |a PH 8600 |q BSZ |2 rvk |0 (DE-625)rvk/136512: | ||
| 084 | |a 86.41 |2 bkl | ||
| 090 | |a a | ||
| 245 | 0 | 4 | |a Der Täter-Opfer-Ausgleich |b Recht, Methodik, Falldokumentation |c von Dr. Johannes Kaspar (o. Professor an der Universität Augsburg), Eva Weiler (Rechtsanwältin und Mediatorin in München), Dr. Gunter Schlickum (Rechtsanwalt und Mediator in München) |
| 246 | 3 | 0 | |a TOA Falldokumentationen |
| 264 | 1 | |a München |b C.H.Beck |c 2014 | |
| 300 | |a XV, 147 Seiten | ||
| 336 | |a Text |b txt |2 rdacontent | ||
| 337 | |a ohne Hilfsmittel zu benutzen |b n |2 rdamedia | ||
| 338 | |a Band |b nc |2 rdacarrier | ||
| 500 | |a Literaturverzeichnis: Seiten XI-XV | ||
| 583 | 1 | |a Archivierung/Langzeitarchivierung gewährleistet |f SSG |x XA-DE-BW |2 pdager |5 DE-21 | |
| 583 | 1 | |a Archivierung prüfen |c 20251012 |f DE-4165 |z 3 |2 pdager | |
| 689 | 0 | 0 | |d g |0 (DE-588)4011882-4 |0 (DE-627)104704861 |0 (DE-576)208896155 |a Deutschland |2 gnd |
| 689 | 0 | 1 | |d s |0 (DE-588)4215596-4 |0 (DE-627)105056006 |0 (DE-576)210226234 |a Täter-Opfer-Ausgleich |2 gnd |
| 689 | 0 | |5 DE-101 | |
| 700 | 1 | |a Kaspar, Johannes |d 1976- |e VerfasserIn |0 (DE-588)1024795691 |0 (DE-627)720562015 |0 (DE-576)369514629 |4 aut | |
| 700 | 1 | |a Weiler, Eva |d 1955- |e VerfasserIn |0 (DE-588)136309968 |0 (DE-627)694278254 |0 (DE-576)300955340 |4 aut | |
| 700 | 1 | |a Schlickum, Gunter |d 1947- |e VerfasserIn |0 (DE-588)109553276 |0 (DE-627)560458649 |0 (DE-576)162920032 |4 aut | |
| 856 | 4 | 2 | |u http://www.gbv.de/dms/spk/sbb/toc/771349742.pdf |m V:DE-601 |m B:DE-1 |q pdf/application |v 2015-01-19 |x Verlag |y Inhaltsverzeichnis |3 Inhaltsverzeichnis |7 1 |
| 856 | 4 | 2 | |u http://deposit.dnb.de/cgi-bin/dokserv?id=4487524&prov=M&dok_var=1&dok_ext=htm |m X: MVB |q text/html |v 2013-11-12 |x Verlag |3 Inhaltstext |7 1 |
| 856 | 4 | 2 | |u https://swbplus.bsz-bw.de/bsz396609430kla.htm |m B:DE-576;DE-21 |q application/pdf |v 20141017121301 |x Verlag |3 Klappentext |7 1 |
| 856 | 4 | 2 | |u https://swbplus.bsz-bw.de/bsz396609430inh.htm |m B:DE-576;DE-21 |q application/pdf |v 20141020113512 |x Verlag |3 Inhaltsverzeichnis |7 1 |
| 889 | |w (DE-627)771349742 | ||
| 935 | |i mdedup | ||
| 935 | |i sf | ||
| 936 | r | v | |a PH 8600 |b Allgemeines; Täter-Opfer-Ausgleich; Wiedergutmachung; Opferentschädigung |k Rechtswissenschaft |k Strafrecht, Strafverfahrensrecht, Kriminologie |k Kriminologie |k Viktimologie |k Allgemeines; Täter-Opfer-Ausgleich; Wiedergutmachung; Opferentschädigung |0 (DE-627)1271675021 |0 (DE-625)rvk/136512: |0 (DE-576)201675021 |
| 936 | b | k | |a 86.41 |j Kriminologie |0 (DE-627)181572001 |
| 951 | |a BO | ||
| ELC | |b 1 | ||
| LOK | |0 000 xxxxxcx a22 zn 4500 | ||
| LOK | |0 001 3117394001 | ||
| LOK | |0 003 DE-627 | ||
| LOK | |0 004 1606082124 | ||
| LOK | |0 005 20141015105921 | ||
| LOK | |0 008 140911||||||||||||||||ger||||||| | ||
| LOK | |0 040 |a DE-21 |c DE-627 |d DE-21 | ||
| LOK | |0 852 |a DE-21 | ||
| LOK | |0 852 1 |c KB 9 E 2546 |9 00 | ||
| LOK | |0 935 |a krim | ||
| LOK | |0 936ln |a k5.3.2 | ||
| LOK | |0 938 |a 1410 |f 34 | ||
| LOK | |0 939 |a 11-09-14 |b l01 | ||
| LOK | |0 000 xxxxxcx a22 zn 4500 | ||
| LOK | |0 001 3117394109 | ||
| LOK | |0 003 DE-627 | ||
| LOK | |0 004 1606082124 | ||
| LOK | |0 005 20140916132708 | ||
| LOK | |0 008 140916||||||||||||||||ger||||||| | ||
| LOK | |0 040 |a DE-21-110 |c DE-627 |d DE-21-110 | ||
| LOK | |0 689 |a s |a Täter-Opfer-Ausgleich | ||
| LOK | |0 689 |a s |a Methodik | ||
| LOK | |0 689 |a s |a Strafrecht | ||
| LOK | |0 689 |a s |a Jugendstrafrecht | ||
| LOK | |0 689 |a s |a Strafvollzug | ||
| LOK | |0 689 |a s |a Wirkungen | ||
| LOK | |0 689 |a s |a Praxis | ||
| LOK | |0 689 |a s |a Fallgeschichten | ||
| LOK | |0 852 |a DE-21-110 | ||
| LOK | |0 852 1 |c P XIV 50 |m p |9 00 | ||
| LOK | |0 936ln |a 5.6.7 | ||
| LOK | |0 938 |a 1409 | ||
| LOK | |0 938 |k p | ||
| LOK | |0 939 |a 16-09-14 |b l01 | ||
| LOK | |0 000 xxxxxcx a22 zn 4500 | ||
| LOK | |0 001 3117394591 | ||
| LOK | |0 003 DE-627 | ||
| LOK | |0 004 1606082124 | ||
| LOK | |0 005 20140902100859 | ||
| LOK | |0 008 131119||||||||||||||||ger||||||| | ||
| LOK | |0 040 |a DE-Frei85 |c DE-627 |d DE-Frei85 | ||
| LOK | |0 852 |a DE-Frei85 | ||
| LOK | |0 852 1 |m p |9 00 | ||
| LOK | |0 938 |k p | ||
| LOK | |0 939 |a 19-11-13 |b l01 | ||
| ORI | |a SA-MARC-krimdoka001.raw | ||
| SIG | |a IFK: P XIV 50 | ||
| SIG | |a UB: KB 9 E 2546 | ||
| TIM | |a 100019901003_100020261231 |b 1990-10-03 - 2026 | ||
